WWE Raw Tag Team Champions - Statistics

General Stats
  • This quiz has been taken 209 times
    185 since last reset
  • The average score is 5 of 8
Answer Stats
Title Reign Tag Team % Correct
June 4. 2017 - August 20, 2017 Sheamus and Cesaro
93%
November 6, 2017 - December 25, 2017 Sheamus and Cesaro
93%
January 28, 2018 - Current Sheamus and Cesaro
93%
April 2, 2017 - June 4, 2017 The Hardy Boyz
55%
August 20, 2017 - November 6, 2017 Dean Ambrose and Seth Rollins
50%
January 29, 2017 - April 2, 2017 Gallows and Anderson
50%
December 25, 2017 - January 28, 2018 Seth Rollins and Jason Jordan
41%
December 18, 2016 - January 29, 2017 Sheamus and Cesaro
26%
No matching quizzes found
Score Distribution
Percent of People with Each Score
Percentile by Number Answered
Your Score History
You have not taken this quiz since the last reset